HARPER'S illustrated biochemistry
Saved in:
| Hovedforfatter: | |
|---|---|
| Format: | Bog |
| Sprog: | engelsk |
| Udgivet: |
McGraw-Hill Education
2015
|
| Tags: |
Tilføj Tag
Ingen Tags, Vær først til at tagge denne postø!
|
MARC
| LEADER | 00000nam a22000007a 4500 | ||
|---|---|---|---|
| 008 | 211124b ||||| |||| 00| 0 eng d | ||
| 020 | |a 9781259252860 | ||
| 100 | |a RODWELL, Victor W. |a BENDER, David A. |a BOTHAM, Kathleen M. |a KENNELLY, Peter J. |a WEIL, P. Anthony | ||
| 245 | |a HARPER'S illustrated biochemistry |c RODWELL, Victor W. [et al.] |e (A Lange medical book) |g xii,817p.:ill. | ||
| 250 | |b 30th ed. | ||
| 260 | |b McGraw-Hill Education |c 2015 |h New York |i 691398 |l QP514.2.H23 |m Biochemistry |m Clinical biochemistry | ||
| 500 | |a It includes exam questions, index and references | ||
| 942 | |a lcc |c BK |e Kuteyi, M. A. |f 24/11/2021 | ||
| 952 | |0 0 |1 0 |2 lcc |4 0 |6 QP05142 H23 |7 0 |9 3915 |a HOL |b HOL |c QZ |d 2021-11-24 |l 0 |o QP514.2.H23 |p 2021-67638 |r 2021-11-24 00:00:00 |w 2021-11-24 |y BK | ||
| 999 | |c 1955 |d 1955 | ||